Muawiyah : mencari keredaannya

Bibliographic Details
Main Author: Al Ghazali
Format: Book
Published: Batu Caves : PTS Publishing House Sendirian Berhad , 2015
Series:Sebuah biografi awal
Subjects:

MARC

LEADER 00000cam a2200000 7i4500
001 0000200041
005 20151231.0
020 |a 9789674114466 
090 0 0 |a 297.61   |b ALG 
100 0 |a Al Ghazali 
245 1 0 |a Muawiyah :   |b mencari keredaannya   |c Al Ghazali 
260 |a Batu Caves :   |b PTS Publishing House Sendirian Berhad ,   |c 2015 
300 |a 158p. ;   |c 22cm. 
490 0 |a Sebuah biografi awal 
600 0 0 |a Muawiyah ibn Abi Sufyan 
650 0 |a Caliphs 
999 |a 00314520   |b BUKU   |c PINJAMAN   |e PERPUSTAKAAN KOMUNITI CAW KOTA DAMANSARA 
999 |a 00332860   |b BUKU   |c PINJAMAN   |e PERPUSTAKAAN KOMUNITI PETALING JAYA